000 00209nam a22000857a 4500
999 _c10975
_d10975
008 180706b ||||| |||| 00| 0 eng d
100 _aJason
_96765
245 _aGandhi (Hindi)
260 _aNew Delhi
_bCampfire
_c2016